| 000 | 00351nam a22001577a 4500 | ||
|---|---|---|---|
| 003 | SGT | ||
| 020 | _a978-0-7020-4729-9 | ||
| 082 |
_a616.075 _bM13D |
||
| 100 | _aDOUGLAS, GRAHAM,ED. | ||
| 245 | _aMACLEOD'S CLINICAL EXAMINATION | ||
| 250 | _a13TH | ||
| 260 |
_aNEW YORK, _b ELSEVIER _c2013 |
||
| 300 | _a451 | ||
| 650 | _aAYURVEDA | ||
| 942 |
_2ddc _cBK |
||
| 999 |
_c14917 _d14917 |
||